000 02417cam a2200445Ii 4500
001 sky296836743
003 SKY
005 20240317221748.0
008 150123s2013 mx a j 000 1 spa d
020 _a9786074637571
020 _a6074637571
040 _aHCO
_beng
_erda
_cHCO
_dOCLCF
_dCHILD
_dQQ3
041 0 _aspa
100 1 _aDiaz, Gloria Cecilia,
_eauthor.
245 1 0 _aMaia /
_cGloria Cecilia Diaz ; ilustraciones de Jose Rosero.
250 _aPrimera edicion.
260 _aMexico, D. F. :
_bEdiciones Castillo, Grupo Macmillan ;
_cc2013.
264 1 _aMexico, D. F. :
_bEdiciones Castillo, Grupo Macmillan ;
_c2013.
264 4 _cc2013.
300 _a39 pages :
_billustrations ;
_c19 cm.
336 _atext
_btxt
_2rdacontent.
337 _aunmediated
_bn
_2rdamedia.
338 _avolume
_bnc
_2rdacarrier.
520 _aLa gata Ioda, mascota de Maia, sufre un accidente en la calle y despues de ser examinada por el veterinario, decide amputarle una pata. Maia piensa que la papa de Ioda volvera a crecer y se niega a aceptar su cojera. En la escuela, Maia conoce a Matias, un nuevo companero con una discapacidad fisica. El es alegre y desenvuelto, a pesar de su condicion. Sera posible que pase algo similar con Ioda?"--Pagina 4 de la portada.
520 _aMaia's pet cat, Ioda, suffers from an accident on the street. After being examined by the vet, it is decided that the cat's leg needs to be amputated. Maia thinks that Ioda's leg will start growing again and she will not accept her lameness. At school Maia meets Matias, a new classmate with a physical disability. He is happy and jaunty, in spite of his condition. Would it be possible that something similar could happen to Ioda?
521 1 _aEdad lectora 8+.
546 _aIn Spanish.
650 0 _aCats
_vJuvenile fiction.
650 0 _aHuman-animal relationships
_vJuvenile fiction.
650 0 _aAnimals with disabilities
_vJuvenile fiction.
650 0 _aChildren with disabilities
_vJuvenile fiction.
650 7 _aGatos
_vNovela juvenil.
_2bidex.
650 7 _aRelaciones de amistad entre animales y seres humanos
_vNovela juvenil.
_2bidex.
650 7 _aNinos discapacitados
_vNovela juvenil.
_2bidex.
655 0 _aSpanish language materials.
655 7 _aLibros de lectura elementales.
_2bidex.
700 1 _aRosero, Jose,
_eillustrator.
830 0 _aCastillo de la lectura.
_pSerie verde.
942 _cBK
_2ddc
999 _c29386
_d29384